La literatura como teoría del trabajo de escritura inscrita en algunos textos de Julio Cortázar, Octavio Paz y Augusto Roa Bastos. El Psiquismo creador y el saber del texto
Uloženo v:
| Hlavní autor: | |
|---|---|
| Médium: | Kniha |
| Jazyk: | Undetermined |
| Vydáno: |
San José, Costa Rica
Universidad de Costa Rica, Sistema de Estudios de Posgrado
2004
|
| Témata: | |
| Tagy: |
Přidat tag
Žádné tagy, Buďte první, kdo vytvoří štítek k tomuto záznamu!
|
MARC
| LEADER | 00000nam a2200000Ia 4500 | ||
|---|---|---|---|
| 008 | 170316s9999 xx 000 0 und d | ||
| 090 | |a TESIS 733 | ||
| 100 | |a Amit Rojas, Jeanette | ||
| 245 | |a La literatura como teoría del trabajo de escritura inscrita en algunos textos de Julio Cortázar, Octavio Paz y Augusto Roa Bastos. El Psiquismo creador y el saber del texto | ||
| 260 | |a San José, Costa Rica | ||
| 260 | |b Universidad de Costa Rica, Sistema de Estudios de Posgrado | ||
| 260 | |c 2004 | ||
| 300 | |a 278 páginas | ||
| 650 | |a TRABAJO FINAL DE GRADUACIÓN | ||
| 650 | |a SEP | ||
| 650 | |a PROGRAMA DE ESTUDIOS DE POSGRADO EN LITERATURA | ||
| 650 | |a MAGISTER LITTERARUM EN LITERATURA LATINOAMERICANA | ||
| 650 | |a JULIO CORTAZAR | ||
| 650 | |a OCTAVIO PAZ | ||
| 650 | |a AUGUSTO ROA BASTOS | ||
| 650 | |a UNA MITOLOGÍA DE LA ESCRITURA | ||
| 999 | |c 29757 |d 29757 | ||
| 040 | |a cru BVZT | ||
| 942 | |c 15 D |h TESIS 733 |2 z | ||
